[Event "SF Lieme 1 - LSV Turm Lippstadt 1"]
[Site "NRW-Liga - Gruppe 2 2019/2020"]
[Date "2019.11.10"]
[Round "3.7"]
[White "Hagedorn, Alfons"]
[Black "Stork, Holger"]
[Result "0-1"]
[WhiteElo "1868"]
[BlackElo "2048"]
[Annotator "Doe,John"]
[PlyCount "114"]
[EventDate "2019.??.??"]
[SourceVersionDate "2020.03.16"]
[WhiteTeam "LSV Turm Lippstadt 1"]
[BlackTeam "SF Lieme 1"]

1. e4 c5 2. Nf3 e6 3. d3 Nc6 4. g3 Nge7 5. Bg2 g6 6. O-O Bg7 7. c3 O-O 8. Be3
b6 9. Qc1 d5 10. Rd1 d4 11. Bh6 e5 12. Na3 f6 13. c4 Be6 14. Nh4 Qd7 15. Bd2 f5
16. f4 Rae8 17. Re1 Kh8 18. Nf3 fxe4 19. dxe4 Nc8 20. Ng5 Bg8 21. Bh3 {(=)} Qe7
22. f5 gxf5 23. exf5 Nd6 24. Ne4 Nxf5 25. Bg5 Qe6 26. Rf1 Nce7 27. Nb5 Qxc4 28.
Nbd6 Nxd6 29. Nxd6 Qxc1 30. Raxc1 Nd5 31. Nxe8 Rxe8 32. Bg2 e4 33. Rce1 {(=)}
e3 34. Rf5 Nb4 35. a3 Nd3 36. Re2 Bc4 37. Bd5 Bxd5 38. Rxd5 Ne5 39. Kg2 Kg8 40.
Bxe3 dxe3 41. Rxe3 Kf7 42. Re4 Ke6 43. Rd2 c4 44. h3 b5 45. g4 a5 46. Kg3 Rc8
47. Kf4 Bh6+ 48. g5 Rf8+ 49. Kg3 Bxg5 50. Rde2 Bf6 51. a4 Kd5 52. axb5 Rg8+ 53.
Kf4 Nd3+ 54. Kf5 Bxb2 55. Re8 Rxe8 56. Rxe8 Kc5 57. Re7 Kxb5 0-1

[Event "SF Lieme 1 - LSV Turm Lippstadt 1"]
[Site "NRW-Liga - Gruppe 2 2019/2020"]
[Date "2019.11.10"]
[Round "3.8"]
[White "Schaffarczyk, Andre"]
[Black "Schulte, Tobias"]
[Result "1-0"]
[WhiteElo "2074"]
[BlackElo "1729"]
[PlyCount "83"]
[EventDate "2019.??.??"]
[SourceVersionDate "2020.03.16"]
[WhiteTeam "SF Lieme 1"]
[BlackTeam "LSV Turm Lippstadt 1"]

1. e4 c6 2. d4 d5 3. Nd2 dxe4 4. Nxe4 Bf5 5. Ng3 Bg6 6. Nf3 e6 7. h4 h6 8. h5
Bh7 9. Bd3 Bxd3 10. Qxd3 Nf6 11. Bf4 Bd6 12. Ne5 Bxe5 13. Bxe5 Qa5+ 14. c3 Nbd7
15. f4 O-O 16. O-O Rfd8 17. Qe2 c5 18. dxc5 Nxe5 19. b4 Qa3 20. fxe5 Qxc3 21.
exf6 Qxg3 22. fxg7 Qd3 23. Qf2 Qd4 24. Rad1 Qxf2+ 25. Kxf2 Kxg7 26. g4 a5 27.
b5 Rac8 28. Rxd8 Rxd8 29. Ke3 Rd5 30. Rc1 Kf6 31. c6 bxc6 32. bxc6 Rd8 33. c7
Rc8 34. Kf4 e5+ 35. Ke4 Ke6 36. Rc6+ Kd7 37. Kd5 e4 38. Rd6+ Ke7 39. Kc6 e3 40.
Rd4 Rg8 41. Re4+ Kf6 42. Kd7 1-0

[Event "SV Kamen 1 - Kölner SK Dr. Lasker 1"]
[Site "NRW-Liga - Gruppe 2 2019/2020"]
[Date "2019.12.15"]
[Round "4.1"]
[White "Paris, Michael"]
[Black "Weidemann, Christian"]
[Result "1-0"]
[WhiteElo "2194"]
[BlackElo "2272"]
[Annotator "Daniel"]
[PlyCount "169"]
[EventDate "2019.??.??"]
[SourceVersionDate "2020.03.16"]
[WhiteTeam "Kölner SK Dr. Lasker 1"]
[BlackTeam "SV Kamen 1"]

1. d4 Nf6 2. Bf4 d5 3. e3 c5 4. dxc5 e6 5. b4 a5 6. c3 Nc6 7. Bb5 Bd7 8. Qb3
Nh5 9. a4 Nxf4 10. exf4 Qf6 11. Ra2 Qxf4 12. Ne2 Qc7 13. O-O Be7 14. Bxc6 Bxc6
15. Nd4 O-O 16. Nd2 Rfd8 17. N2f3 Bf6 18. Re1 e5 19. Nb5 Bxb5 20. axb5 e4 21.
Nd4 $11 axb4 22. Rxa8 Rxa8 23. Qxb4 Rc8 24. Nb3 Qe5 25. Qd4 Qg5 26. Qe3 Qxe3
27. fxe3 Bxc3 28. Rd1 Rd8 29. c6 bxc6 30. bxc6 Be5 31. Nc5 f6 $11 32. Nd7 Rc8
33. Nxe5 fxe5 34. Rxd5 Rxc6 35. Rxe5 Rc4 36. Kf2 Kf7 37. g4 Kf6 38. Rf5+ Ke6
39. Kg3 h6 40. h4 g6 41. Ra5 Rc1 42. Kf4 Rg1 43. Re5+ Kf6 44. g5+ hxg5+ 45.
hxg5+ Kf7 46. Kxe4 Rg2 47. Ra5 Rg4+ 48. Kf3 Rg1 49. Kf4 Rf1+ 50. Ke4 Rg1 51.
Ra7+ Ke6 52. Ra6+ Kf7 53. Ra5 Ke6 54. Rb5 Rg4+ 55. Kf3 Rg1 56. e4 Rf1+ 57. Ke2
Rg1 58. Kf2 Rg4 59. Kf3 Rg1 60. Rb6+ Ke5 61. Rxg6 Rf1+ 62. Kg3 Rg1+ 63. Kf2 Rg4
64. Kf3 Rf4+ 65. Kg3 Rxe4 66. Rf6 Ra4 67. Kf3 Rb4 68. Rf8 Rb1 69. Kg4 Ke6 70.
Kh5 Ke7 71. Rf4 Rh1+ 72. Kg6 Rh2 73. Kg7 Ke6 74. g6 Rh1 75. Kg8 Rg1 76. g7 Ke7
77. Rf7+ Ke8 78. Rf3 Rh1 79. Re3+ Kd7 80. Re4 Kd6 81. Kf7 Rf1+ 82. Kg6 Rg1+ 83.
Kf6 Rg2 84. Rd4+ Kc7 85. Rd5 1-0

[Event "SV Kamen 1 - Kölner SK Dr. Lasker 1"]
[Site "NRW-Liga - Gruppe 2 2019/2020"]
[Date "2019.12.15"]
[Round "4.2"]
[White "Himmel, Hansjoerg"]
[Black "Nagel, Bernhard"]
[Result "1-0"]
[WhiteElo "2244"]
[BlackElo "2169"]
[PlyCount "95"]
[EventDate "2019.??.??"]
[SourceVersionDate "2020.03.16"]
[WhiteTeam "SV Kamen 1"]
[BlackTeam "Kölner SK Dr. Lasker 1"]

1. e4 c5 2. Nf3 Nc6 3. Bb5 g6 4. Bxc6 dxc6 5. d3 Bg7 6. h3 Nf6 7. Nc3 Nd7 8.
Be3 e5 9. Qd2 h6 10. Nh2 Qe7 11. O-O Nf8 12. f4 exf4 13. Rxf4 Be6 14. Rff1 Nd7
15. Rae1 Ne5 16. Qf2 b6 17. Qg3 Bd7 18. Nf3 Nxf3+ 19. Rxf3 Be6 20. Bf4 O-O-O
21. Ref1 Rhg8 22. Be5 g5 23. Bxg7 Rxg7 24. Qe5 Rdg8 25. Rf6 h5 26. Nd5 cxd5 27.
exd5 Qc7 28. Qxc7+ Kxc7 29. dxe6 fxe6 30. Rxe6 h4 31. Kh2 g4 32. hxg4 Rxg4 33.
Rf7+ Kb8 34. Re2 a5 35. Rfe7 Ka8 36. a3 Kb8 37. Re8+ Kc7 38. Rxg8 Rxg8 39. Kh3
Rh8 40. a4 Rf8 41. Kxh4 Rf4+ 42. Kh5 Rxa4 43. g4 Ra1 44. g5 Rg1 45. g6 a4 46.
Re4 b5 47. Rg4 Rh1+ 48. Kg5 1-0

[Event "SV Kamen 1 - Kölner SK Dr. Lasker 1"]
[Site "NRW-Liga - Gruppe 2 2019/2020"]
[Date "2019.12.15"]
[Round "4.3"]
[White "Kloss, Henning"]
[Black "Luetke, Jens"]
[Result "1/2-1/2"]
[WhiteElo "2162"]
[BlackElo "2237"]
[PlyCount "30"]
[EventDate "2019.??.??"]
[SourceVersionDate "2020.03.16"]
[WhiteTeam "Kölner SK Dr. Lasker 1"]
[BlackTeam "SV Kamen 1"]

1. d4 e6 2. c4 Nf6 3. g3 d5 4. Nf3 Be7 5. Bg2 O-O 6. O-O dxc4 7. Qc2 b5 8. a4
b4 9. Ne5 Nd5 10. Nxc4 Nc6 11. Rd1 Ba6 12. e4 b3 13. Qxb3 Rb8 14. Qc2 Ndb4 15.
Qc3 e5 1/2-1/2

[Event "SV Kamen 1 - Kölner SK Dr. Lasker 1"]
[Site "NRW-Liga - Gruppe 2 2019/2020"]
[Date "2019.12.15"]
[Round "4.4"]
[White "Kleinegger, Frank"]
[Black "Pawelzik, Malte"]
[Result "1-0"]
[WhiteElo "2085"]
[BlackElo "2153"]
[PlyCount "43"]
[EventDate "2019.??.??"]
[SourceVersionDate "2020.03.16"]
[WhiteTeam "SV Kamen 1"]
[BlackTeam "Kölner SK Dr. Lasker 1"]

1. d4 Nf6 2. Bg5 c5 3. d5 e6 4. Nc3 Qa5 5. Bd2 Qb6 6. e4 g6 7. f4 exd5 8. e5
Qe6 9. Nf3 h6 10. Bd3 Ne4 11. Nxe4 dxe4 12. Bxe4 d5 13. Bd3 Bg7 14. O-O O-O 15.
c3 b6 16. f5 gxf5 17. Nh4 Qxe5 18. Nxf5 Bxf5 19. Rxf5 Qd6 20. Qf3 Nc6 21. Rxd5
Qc7 22. Qf5 1-0

[Event "SV Kamen 1 - Kölner SK Dr. Lasker 1"]
[Site "NRW-Liga - Gruppe 2 2019/2020"]
[Date "2019.12.15"]
[Round "4.5"]
[White "Lindam, Ingo"]
[Black "Seepe, Udo"]
[Result "1/2-1/2"]
[WhiteElo "2138"]
[BlackElo "2016"]
[PlyCount "68"]
[EventDate "2019.??.??"]
[SourceVersionDate "2020.03.16"]
[WhiteTeam "Kölner SK Dr. Lasker 1"]
[BlackTeam "SV Kamen 1"]

1. d4 Nf6 2. Bg5 c5 3. Nc3 cxd4 4. Qxd4 Nc6 5. Qh4 e6 6. e4 Be7 7. O-O-O a6 8.
f4 b5 9. e5 b4 10. exf6 gxf6 11. Ne4 fxg5 12. fxg5 h6 13. Nf3 Qc7 14. Kb1 Bb7
15. Nf6+ Bxf6 16. gxf6 O-O-O 17. Bd3 Kb8 18. Rhe1 d5 19. Nd4 Na5 20. Nf3 Nc6
21. Qh5 Rd7 22. g3 Ka7 23. Ne5 Nxe5 24. Rxe5 a5 25. Rde1 Ba6 26. Qe2 Bxd3 27.
Qxd3 Rd6 28. Rh5 Qc4 29. Qe3+ d4 30. Rxa5+ Kb6 31. Qe5 Rc6 32. Ka1 d3 33. b3
Qc3+ 34. Qxc3 Rxc3 1/2-1/2

[Event "SV Kamen 1 - Kölner SK Dr. Lasker 1"]
[Site "NRW-Liga - Gruppe 2 2019/2020"]
[Date "2019.12.15"]
[Round "4.6"]
[White "Rumpf, Thomas"]
[Black "Cramer, Volker"]
[Result "1-0"]
[WhiteElo "2030"]
[BlackElo "2119"]
[PlyCount "55"]
[EventDate "2019.??.??"]
[SourceVersionDate "2020.03.16"]
[WhiteTeam "SV Kamen 1"]
[BlackTeam "Kölner SK Dr. Lasker 1"]

1. e4 e6 2. Nf3 d5 3. Nc3 dxe4 4. Nxe4 Nd7 5. d4 Ngf6 6. Nxf6+ Nxf6 7. Bd3 Be7
8. O-O O-O 9. Qe2 b6 10. Rd1 Qd5 11. Bf4 Bd6 12. Be5 Bb7 13. c4 Qa5 14. Ng5
Bxe5 15. dxe5 h6 16. b4 Qxb4 17. exf6 gxf6 18. Nh7 Rfd8 19. Nxf6+ Kf8 20. Be4
Bxe4 21. Nxe4 Ke7 22. Ng3 Kf8 23. Nf1 c5 24. Ne3 Qc3 25. Qh5 Rd4 26. Qxh6+ Ke7
27. Re1 Kd7 28. Qg7 1-0

[Event "SV Kamen 1 - Kölner SK Dr. Lasker 1"]
[Site "NRW-Liga - Gruppe 2 2019/2020"]
[Date "2019.12.15"]
[Round "4.7"]
[White "Loseries, Uwe"]
[Black "Kilian, Ralf"]
[Result "1-0"]
[WhiteElo "2095"]
[BlackElo "2041"]
[PlyCount "79"]
[EventDate "2019.??.??"]
[SourceVersionDate "2020.03.16"]
[WhiteTeam "Kölner SK Dr. Lasker 1"]
[BlackTeam "SV Kamen 1"]

1. d4 e6 2. c4 Nf6 3. Nf3 Bb4+ 4. Nbd2 O-O 5. a3 Bxd2+ 6. Bxd2 d6 7. Qc2 Nbd7
8. Bc3 Re8 9. e4 e5 10. dxe5 dxe5 11. b4 b6 12. Bd3 Nh5 13. O-O Nf4 14. Rfd1
Qf6 15. Bf1 Nf8 16. Qb2 N4g6 17. Ne1 Bb7 18. f3 Ne6 19. Nd3 Nef4 20. Nf2 h5 21.
g3 Ne6 22. f4 Nexf4 23. gxf4 Nxf4 24. Re1 Rad8 25. Re3 h4 26. Rae1 Qg5+ 27. Kh1
Rd6 28. Nh3 Nxh3 29. Bxh3 Rd1 30. Qf2 Red8 31. Bg2 R8d3 32. Rxd1 Rxd1+ 33. Be1
Rd4 34. Qe2 Qf4 35. Bc3 Rxc4 36. Qxc4 Qxe3 37. Bxe5 Qe1+ 38. Qf1 Qxf1+ 39. Bxf1
Bxe4+ 40. Bg2 1-0

[Event "SV Kamen 1 - Kölner SK Dr. Lasker 1"]
[Site "NRW-Liga - Gruppe 2 2019/2020"]
[Date "2019.12.15"]
[Round "4.8"]
[White "Georg, Heinz"]
[Black "Diesner, Michael"]
[Result "1-0"]
[WhiteElo "2089"]
[BlackElo "2069"]
[PlyCount "57"]
[EventDate "2019.??.??"]
[SourceVersionDate "2020.03.16"]
[WhiteTeam "SV Kamen 1"]
[BlackTeam "Kölner SK Dr. Lasker 1"]

1. e4 c5 2. Nf3 d6 3. c3 Nf6 4. Be2 Nc6 5. d4 e6 6. d5 exd5 7. exd5 Ne7 8. Bb5+
Bd7 9. Bxd7+ Qxd7 10. c4 Ng6 11. Nc3 Be7 12. h4 Qg4 13. Qa4+ Kf8 14. Kf1 Nh5
15. Bg5 Bxg5 16. hxg5 Ngf4 17. Nh4 Qxg5 18. Re1 Nf6 19. g3 Ng6 20. Nxg6+ Qxg6
21. Kg2 h5 22. Rh4 Kg8 23. Re7 Kh7 24. Rxb7 Rhe8 25. Qd1 Ng4 26. Qf3 f5 27. Ne2
Nf6 28. Nf4 Re4 29. Nxg6 1-0

[Event "Elberfelder SG 1 - Klub Kölner SF 1"]
[Site "NRW-Liga - Gruppe 2 2019/2020"]
[Date "2019.12.15"]
[Round "4.1"]
[White "Strohhaeker, Raoul"]
[Black "Odendahl, Reiner"]
[Result "1/2-1/2"]
[WhiteElo "2424"]
[BlackElo "2268"]
[PlyCount "46"]
[EventDate "2019.??.??"]
[SourceVersionDate "2020.03.16"]
[WhiteTeam "Klub Kölner SF 1"]
[BlackTeam "Elberfelder SG 1"]

1. e4 c5 2. Nf3 Nc6 3. d4 cxd4 4. Nxd4 Qb6 5. Nb3 Nf6 6. Bd3 e6 7. O-O Be7 8.
c4 d5 9. cxd5 exd5 10. exd5 Nxd5 11. N1d2 Be6 12. Ne4 Rd8 13. Qh5 Nf4 14. Bxf4
Rxd3 15. Be3 Qb4 16. Nec5 Rxe3 17. fxe3 g6 18. Qh6 Bxc5 19. Nxc5 Qxc5 20. a3
Qf8 21. Qf4 Qe7 22. Qh6 Qf8 23. Qf4 Qe7 1/2-1/2

[Event "Elberfelder SG 1 - Klub Kölner SF 1"]
[Site "NRW-Liga - Gruppe 2 2019/2020"]
[Date "2019.12.15"]
[Round "4.2"]
[White "Volkov, Mykyta"]
[Black "Morawietz, Dieter"]
[Result "1-0"]
[WhiteElo "2166"]
[BlackElo "2395"]
[PlyCount "87"]
[EventDate "2019.??.??"]
[SourceVersionDate "2020.03.16"]
[WhiteTeam "Elberfelder SG 1"]
[BlackTeam "Klub Kölner SF 1"]

1. d4 Nf6 2. c4 e6 3. Nc3 Bb4 4. Qc2 d5 5. a3 Bxc3+ 6. Qxc3 Nc6 7. Nf3 Ne4 8.
Qc2 g5 9. e3 O-O 10. Bd3 f5 11. O-O Bd7 12. b4 Be8 13. Bb2 Bh5 14. b5 g4 15.
Ne1 Ne7 16. f3 gxf3 17. gxf3 Ng5 18. Kh1 Ng6 19. Qf2 Qf6 20. cxd5 exd5 21. Rc1
Rf7 22. Rc5 Rd8 23. Bb1 Ne6 24. Ba2 Nxc5 25. dxc5 Qe7 26. Nd3 h6 27. Rg1 Kh7
28. Rg3 c6 29. Rh3 Bg4 30. Rg3 Bh5 31. a4 Re8 32. Bd4 f4 33. exf4 Rxf4 34. Nxf4
Qe1+ 35. Qg1 Qxg1+ 36. Kxg1 Nxf4 37. Rg7+ Kh8 38. Rg4+ Kh7 39. Rxf4 Bg6 40. Kf2
Bd3 41. Be3 Kg6 42. Rg4+ Kf6 43. Rd4 Bf5 44. Bxh6 1-0

[Event "Elberfelder SG 1 - Klub Kölner SF 1"]
[Site "NRW-Liga - Gruppe 2 2019/2020"]
[Date "2019.12.15"]
[Round "4.3"]
[White "Helbig, Mark"]
[Black "Noetzel, Frank"]
[Result "1/2-1/2"]
[WhiteElo "2288"]
[BlackElo "2209"]
[PlyCount "96"]
[EventDate "2019.??.??"]
[SourceVersionDate "2020.03.16"]
[WhiteTeam "Klub Kölner SF 1"]
[BlackTeam "Elberfelder SG 1"]

1. d4 f5 2. c4 Nf6 3. Nf3 g6 4. g3 Bg7 5. Bg2 O-O 6. O-O d6 7. Nc3 Nc6 8. d5
Ne5 9. Nxe5 dxe5 10. Qb3 h6 11. c5 Kh8 12. Rd1 a6 13. Qa3 Qe8 14. d6 c6 15. Na4
Be6 16. Nb6 Rd8 17. Bd2 g5 18. Bc3 exd6 19. cxd6 e4 20. Rac1 Qf7 21. b3 Nd5 22.
Ba5 Rde8 23. Rxd5 Bxd5 24. d7 Rd8 25. Rd1 Rxd7 26. Nxd7 Qxd7 27. Bc3 Qf7 28.
Bxg7+ Kxg7 29. Qd6 Qf6 30. Qb4 Rf7 31. e3 Qb2 32. Bf1 b5 33. Rd2 Qa1 34. Qd6
Qf6 35. Qc5 f4 36. Bg2 Qa1+ 37. Bf1 h5 38. Rxd5 cxd5 39. Qxd5 Qf6 40. exf4 gxf4
41. gxf4 Qxf4 42. Qd4+ Kh6 43. Be2 Qg5+ 44. Kf1 e3 45. Qh8+ Rh7 46. Qf8+ Rg7
47. Qh8+ Rh7 48. Qf8+ Rg7 1/2-1/2

[Event "Elberfelder SG 1 - Klub Kölner SF 1"]
[Site "NRW-Liga - Gruppe 2 2019/2020"]
[Date "2019.12.15"]
[Round "4.4"]
[White "Kurr, Gerd"]
[Black "Wacker, Peter"]
[Result "1-0"]
[WhiteElo "2143"]
[BlackElo "2261"]
[PlyCount "67"]
[EventDate "2019.??.??"]
[SourceVersionDate "2020.03.16"]
[WhiteTeam "Elberfelder SG 1"]
[BlackTeam "Klub Kölner SF 1"]

1. d4 Nf6 2. Nf3 e6 3. Bg5 d5 4. c3 Be7 5. Nbd2 O-O 6. Qc2 b6 7. e4 h6 8. Bxf6
Bxf6 9. Bd3 c5 10. dxc5 bxc5 11. exd5 exd5 12. O-O Nc6 13. Rfe1 Bb7 14. Rad1
Qc7 15. Bb5 Rab8 16. Nf1 Ne7 17. Ng3 g6 18. Qd2 d4 19. Bc4 Rbd8 20. Qxh6 Bxf3
21. gxf3 dxc3 22. Rxd8 Rxd8 23. bxc3 Bxc3 24. Re4 Rd6 25. Kg2 Bg7 26. Qf4 Bf6
27. h4 Rc6 28. Qe3 Qd6 29. Qb3 Rb6 30. Qa4 Nc6 31. h5 Kg7 32. Rg4 Kh7 33. Bxf7
g5 34. Qe4+ 1-0

[Event "Elberfelder SG 1 - Klub Kölner SF 1"]
[Site "NRW-Liga - Gruppe 2 2019/2020"]
[Date "2019.12.15"]
[Round "4.5"]
[White "Bayer, Ernst-Wolfgang"]
[Black "Boos, Markus"]
[Result "1/2-1/2"]
[WhiteElo "2215"]
[BlackElo "2207"]
[Annotator "Daniel"]
[PlyCount "63"]
[EventDate "2019.??.??"]
[SourceVersionDate "2020.03.16"]
[WhiteTeam "Klub Kölner SF 1"]
[BlackTeam "Elberfelder SG 1"]

1. f4 Nf6 2. Nf3 g6 3. g3 d5 4. Bg2 c5 5. O-O Nc6 6. d3 Bg7 7. Qe1 d4 8. c3 Nd5
9. Bd2 O-O 10. Na3 e5 11. fxe5 Nxe5 12. Nxe5 Bxe5 13. Nc4 Bg7 14. e4 dxe3 15.
Nxe3 Be6 16. Rd1 Qd7 17. Qf2 b6 18. Rfe1 $11 Rad8 19. Nc4 Qc7 20. Bg5 Rd7 21.
a3 h6 22. Bc1 Rfd8 23. Qe2 Bf5 24. Be4 Bxe4 25. dxe4 Ne7 26. Bf4 Qb7 27. Nd6
Qc6 28. e5 Nd5 29. Qf3 Ne7 30. Qe2 Nd5 31. Qf3 Ne7 32. Qe2 1/2-1/2

[Event "Elberfelder SG 1 - Klub Kölner SF 1"]
[Site "NRW-Liga - Gruppe 2 2019/2020"]
[Date "2019.12.15"]
[Round "4.6"]
[White "Tymura, Achim"]
[Black "Bonnmann, Reinhard"]
[Result "0-1"]
[WhiteElo "2023"]
[BlackElo "2202"]
[PlyCount "92"]
[EventDate "2019.??.??"]
[SourceVersionDate "2020.03.16"]
[WhiteTeam "Elberfelder SG 1"]
[BlackTeam "Klub Kölner SF 1"]

1. d4 Nf6 2. c4 g6 3. Nc3 Bg7 4. e4 d6 5. Nf3 O-O 6. Be2 e5 7. d5 h6 8. Nd2 c6
9. Nf1 a5 10. Be3 a4 11. b4 axb3 12. axb3 Rxa1 13. Qxa1 Na6 14. Qa3 c5 15. Nd2
Nb4 16. Kd1 Ng4 17. Bxg4 Bxg4+ 18. f3 Bd7 19. Ke2 Nc2 20. Qa2 Nxe3 21. Kxe3 h5
22. Ra1 Qh4 23. Nf1 f5 24. Qf2 Bh6+ 25. Ke2 Qd8 26. Kd3 b5 27. Nd2 b4 28. Nd1
fxe4+ 29. Nxe4 Bf5 30. Qe2 Qh4 31. g3 Qh3 32. Ne3 Bxe3 33. Kxe3 Bxe4 34. Kxe4
Qf5+ 35. Ke3 Qf6 36. Ke4 g5 37. Ra2 g4 38. fxg4 Qg6+ 39. Ke3 hxg4 40. Rb2 Rf3+
41. Kd2 Qf5 42. Ke1 e4 43. Rb1 Qg5 44. Kd1 Qe5 45. Rb2 Qd4+ 46. Kc1 Qg1+ 0-1

[Event "Elberfelder SG 1 - Klub Kölner SF 1"]
[Site "NRW-Liga - Gruppe 2 2019/2020"]
[Date "2019.12.15"]
[Round "4.7"]
[White "Wisskirchen, Andreas"]
[Black "Werbeck, Torsten"]
[Result "1/2-1/2"]
[WhiteElo "2196"]
[BlackElo "2026"]
[PlyCount "28"]
[EventDate "2019.??.??"]
[SourceVersionDate "2020.03.16"]
[WhiteTeam "Klub Kölner SF 1"]
[BlackTeam "Elberfelder SG 1"]

1. c4 c5 2. Nc3 Nc6 3. g3 Nf6 4. Bg2 g6 5. a3 Bg7 6. Rb1 a5 7. e4 d6 8. Nge2
O-O 9. O-O Ne8 10. d3 Rb8 11. Be3 Nc7 12. Nb5 Bd7 13. a4 Ne6 14. f4 Ncd4
1/2-1/2

[Event "Elberfelder SG 1 - Klub Kölner SF 1"]
[Site "NRW-Liga - Gruppe 2 2019/2020"]
[Date "2019.12.15"]
[Round "4.8"]
[White "Rebbe, Marco"]
[Black "Schmidt, Martin"]
[Result "0-1"]
[WhiteElo "1999"]
[BlackElo "2189"]
[PlyCount "48"]
[EventDate "2019.??.??"]
[SourceVersionDate "2020.03.16"]
[WhiteTeam "Elberfelder SG 1"]
[BlackTeam "Klub Kölner SF 1"]

1. d4 Nf6 2. Nf3 b6 3. e3 Bb7 4. Bd3 g6 5. Nbd2 Bg7 6. O-O O-O 7. e4 c5 8. c3
cxd4 9. Nxd4 e5 10. Ne2 d5 11. Qc2 Na6 12. exd5 Qxd5 13. f3 Rac8 14. Bxa6 Bxa6
15. Re1 Qc5+ 16. Kf1 e4 17. Nxe4 Nxe4 18. Qxe4 Rfe8 19. Qh4 Rxe2 20. Rxe2 Re8
21. Qf2 Qxf2+ 22. Kxf2 Rxe2+ 23. Kg3 Re1 24. a4 Bh6 0-1

[Event "LSV Turm Lippstadt 1 - SVG Alsdorf 1"]
[Site "NRW-Liga - Gruppe 2 2019/2020"]
[Date "2019.12.15"]
[Round "4.1"]
[White "Abolianin, Arthur"]
[Black "Wehmeier, Stefan"]
[Result "0-1"]
[WhiteElo "2265"]
[BlackElo "2333"]
[PlyCount "46"]
[EventDate "2019.??.??"]
[SourceVersionDate "2020.03.16"]
[WhiteTeam "SVG Alsdorf 1"]
[BlackTeam "LSV Turm Lippstadt 1"]

1. g3 d5 2. Bg2 e5 3. Nf3 e4 4. Nd4 c5 5. Nb3 c4 6. Nd4 Bc5 7. c3 Nc6 8. Nxc6
bxc6 9. b3 Nf6 10. O-O O-O 11. bxc4 dxc4 12. Qa4 Qd5 13. Na3 Be6 14. Nc2 Qh5
15. Nd4 Bxd4 16. cxd4 Qxe2 17. Qxc6 Rfd8 18. Ba3 Qxd2 19. Be7 Rdc8 20. Qa6 Nd5
21. Bc5 Nc3 22. Rfe1 Bd5 23. Bf1 Rc6 0-1

[Event "LSV Turm Lippstadt 1 - SVG Alsdorf 1"]
[Site "NRW-Liga - Gruppe 2 2019/2020"]
[Date "2019.12.15"]
[Round "4.2"]
[White "Hecht, Carsten"]
[Black "Draftian, Ashote"]
[Result "1-0"]
[WhiteElo "2301"]
[BlackElo "2236"]
[PlyCount "77"]
[EventDate "2019.??.??"]
[SourceVersionDate "2020.03.16"]
[WhiteTeam "LSV Turm Lippstadt 1"]
[BlackTeam "SVG Alsdorf 1"]

1. e4 c5 2. Nf3 e6 3. d4 cxd4 4. Nxd4 a6 5. Bd3 Nc6 6. Nxc6 dxc6 7. O-O Qc7 8.
f4 e5 9. Kh1 Nf6 10. Qe1 Be7 11. fxe5 Qxe5 12. Bf4 Qh5 13. e5 Nd5 14. Bg3 O-O
15. Nd2 Be6 16. a3 Nb6 17. Ne4 Nd7 18. Qc3 c5 19. Bf4 Nb6 20. Ng3 Qg4 21. Qe1
Nd5 22. Bd2 c4 23. Be4 Rad8 24. Rd1 Bh4 25. Rf3 f5 26. exf6 Bxf6 27. h3 Qh4 28.
Bxh7+ Kxh7 29. Qxe6 Bxb2 30. Rxf8 Rxf8 31. Be1 Nf4 32. Qe4+ Ng6 33. Qe2 Qf4 34.
Rd5 Bf6 35. Rf5 Qd4 36. Qh5+ Kg8 37. Qxg6 Qd1 38. Rf1 Qd7 39. Bb4 1-0

[Event "LSV Turm Lippstadt 1 - SVG Alsdorf 1"]
[Site "NRW-Liga - Gruppe 2 2019/2020"]
[Date "2019.12.15"]
[Round "4.3"]
[White "Deleyn, Gunter"]
[Black "Wagner, Alexej"]
[Result "1/2-1/2"]
[WhiteElo "2166"]
[BlackElo "2263"]
[PlyCount "41"]
[EventDate "2019.??.??"]
[SourceVersionDate "2020.03.16"]
[WhiteTeam "SVG Alsdorf 1"]
[BlackTeam "LSV Turm Lippstadt 1"]

1. g3 d5 2. Bg2 Nf6 3. Nf3 c6 4. O-O Bg4 5. d3 Nbd7 6. Nbd2 e5 7. e4 dxe4 8.
Nxe4 Nxe4 9. dxe4 Bc5 10. Qe2 O-O 11. h3 Bh5 12. Rd1 Qe7 13. Be3 Rfd8 14. Rd2
Bxe3 15. Qxe3 Nc5 16. Rad1 Rxd2 17. Rxd2 b6 18. Nh4 Ne6 19. Nf5 Qc7 20. c3 Rd8
21. Kf1 1/2-1/2

[Event "LSV Turm Lippstadt 1 - SVG Alsdorf 1"]
[Site "NRW-Liga - Gruppe 2 2019/2020"]
[Date "2019.12.15"]
[Round "4.4"]
[White "Pollmueller, Michael"]
[Black "Minyeyevtsev, Semen"]
[Result "1/2-1/2"]
[WhiteElo "2174"]
[BlackElo "2149"]
[PlyCount "54"]
[EventDate "2019.??.??"]
[SourceVersionDate "2020.03.16"]
[WhiteTeam "LSV Turm Lippstadt 1"]
[BlackTeam "SVG Alsdorf 1"]

1. d4 d5 2. c4 c6 3. Nf3 Nf6 4. Qc2 g6 5. cxd5 cxd5 6. Nc3 Bg7 7. Bf4 O-O 8. e3
Nc6 9. Be2 Nh5 10. Bg5 h6 11. Bh4 g5 12. Bg3 Nxg3 13. hxg3 e6 14. g4 Bd7 15.
Rh5 f6 16. a3 Be8 17. Rh2 Rc8 18. Kf1 Na5 19. g3 Rf7 20. e4 dxe4 21. Qxe4 Qb6
22. Rb1 Qd6 23. d5 exd5 24. Qxd5 Qxd5 25. Nxd5 Bc6 26. Ne3 Be4 27. Rd1 Kf8
1/2-1/2

[Event "LSV Turm Lippstadt 1 - SVG Alsdorf 1"]
[Site "NRW-Liga - Gruppe 2 2019/2020"]
[Date "2019.12.15"]
[Round "4.5"]
[White "Winkels, Marcel"]
[Black "Grobbel, Rainer"]
[Result "1-0"]
[WhiteElo "1984"]
[BlackElo "2116"]
[PlyCount "73"]
[EventDate "2019.??.??"]
[SourceVersionDate "2020.03.16"]
[WhiteTeam "SVG Alsdorf 1"]
[BlackTeam "LSV Turm Lippstadt 1"]

1. e4 c5 2. Nf3 Nc6 3. d4 cxd4 4. Nxd4 g6 5. Nc3 Bg7 6. Be3 Nf6 7. Bc4 O-O 8.
Bb3 Ng4 9. Qxg4 Nxd4 10. Qd1 Nxb3 11. axb3 a5 12. O-O Ra6 13. Qd3 Rc6 14. Rfd1
d6 15. Nd5 Bxb2 16. Ra2 Bg7 17. Qb5 e6 18. Nb6 f5 19. Nc4 fxe4 20. Nxa5 Ra6 21.
Nxb7 Bxb7 22. Rxa6 Bxa6 23. Qxa6 Be5 24. Qc6 Qh4 25. g3 Qg4 26. Rd2 d5 27. c3
h5 28. Bh6 Rd8 29. h4 Kh7 30. Bg5 Rf8 31. Qd7+ Kg8 32. Kh2 Qf5 33. Ra2 Rf7 34.
Qe8+ Rf8 35. Qc6 Rf7 36. Be3 Kg7 37. Ra8 1-0

[Event "LSV Turm Lippstadt 1 - SVG Alsdorf 1"]
[Site "NRW-Liga - Gruppe 2 2019/2020"]
[Date "2019.12.15"]
[Round "4.6"]
[White "Niediek, Cedric"]
[Black "Reinhard, Marcus"]
[Result "1-0"]
[WhiteElo "2058"]
[BlackElo "1940"]
[PlyCount "75"]
[EventDate "2019.??.??"]
[SourceVersionDate "2020.03.16"]
[WhiteTeam "LSV Turm Lippstadt 1"]
[BlackTeam "SVG Alsdorf 1"]

1. e4 c5 2. Nf3 e6 3. d3 Nc6 4. g3 b6 5. Bg2 Bb7 6. O-O d5 7. Nbd2 Bd6 8. Re1
Nge7 9. exd5 exd5 10. d4 O-O 11. dxc5 bxc5 12. c4 d4 13. Ne4 f6 14. Nxd6 Qxd6
15. Nd2 f5 16. Nb3 f4 17. Bxf4 Rxf4 18. gxf4 Rf8 19. Kh1 g6 20. Qe2 Bc8 21.
Rad1 Rxf4 22. Rd3 Bg4 23. Qf1 Ne5 24. Rg3 Nf5 25. Bd5+ Kg7 26. Nxc5 Nxg3+ 27.
hxg3 Rf6 28. Ne4 Bf3+ 29. Kg1 Bxe4 30. Bxe4 d3 31. Rd1 Qd4 32. Bxd3 Rf3 33. Qg2
Rxd3 34. Rxd3 Nxd3 35. Qb7+ Kh6 36. Qh1+ Kg7 37. Qb7+ Kf6 38. Qf3+ 1-0

[Event "LSV Turm Lippstadt 1 - SVG Alsdorf 1"]
[Site "NRW-Liga - Gruppe 2 2019/2020"]
[Date "2019.12.15"]
[Round "4.7"]
[White "Krug, Reinhard"]
[Black "Hagedorn, Alfons"]
[Result "1/2-1/2"]
[WhiteElo "1902"]
[BlackElo "1868"]
[PlyCount "33"]
[EventDate "2019.??.??"]
[SourceVersionDate "2020.03.16"]
[WhiteTeam "SVG Alsdorf 1"]
[BlackTeam "LSV Turm Lippstadt 1"]

1. Nf3 c5 2. c4 Nf6 3. g3 g6 4. Bg2 Bg7 5. O-O O-O 6. Nc3 Nc6 7. d4 cxd4 8.
Nxd4 Nxd4 9. Qxd4 d6 10. Qd2 Rb8 11. b3 Bf5 12. Bb2 Qd7 13. Rfd1 Bh3 14. Bh1
Qf5 15. Nd5 Rfe8 16. Nxf6+ Bxf6 17. Bxf6 1/2-1/2